Moderná mechanizácia v poľnohospodárstve odborný časopis o technike a technológiách v poľnohospodárstve

Bibliographic Details
Other Authors: Dukes, Marian (Publishing director), Ďuďák, Jozef, 1958- (Publishing director), Kukučka, Marián (Publishing director)
Format: Journal
Language:Slovak
PhysicalDescription:zv. grafy, obr. 30 cm
Online vydanie: Moderná mechanizácia v poľnohospodárstve (Online) = ISSN 1336-927X
Published: Nitra Združenie Moderná mechanizácia v poľnohospodárstve 2000-
Nitra MM press
ISSN:1335-6178
Subjects:

MARC

LEADER 00000cas a2200000 a 4500
001 vtls001474449
005 20260511133438.0
008 040506c20009999xo mr0p 0 0b0slo
022 |a 1335-6178 
035 |a SNK000429750 
035 |a (SVKBB03)vtls000046625 
040 |a SNK  |b slo  |c SNK  |d SVKBB  |d SAVUK  |e AACR2 
041 0 |a slo 
044 |a xo  |c SK 
072 7 |a 63  |x Poľnohospodárstvo a príbuzné oblasti vedy a techniky  |2 konspekt 
072 7 |a 631  |x Poľnohospodárstvo. Pedológia. Agrotechnika. Agroekológia  |2 konspekt 
080 |a 63  |2 2011 
080 |a 631.17  |2 2011 
080 |a (051)-027.561  |2 2011 
080 |a 050  |2 2011 
210 0 |a Moder. mechan. poľnohosp.  |b (Tlačené vyd.) 
222 0 |a Moderná mechanizácia v poľnohospodárstve  |b (Tlačené vydanie) 
245 0 0 |a Moderná mechanizácia v poľnohospodárstve  |b odborný časopis o technike a technológiách v poľnohospodárstve 
260 |a Nitra  |b Združenie Moderná mechanizácia v poľnohospodárstve  |c 2000- 
260 2 |3 2004-  |a Nitra  |b MM press 
300 |a zv.  |b grafy, obr.  |c 30 cm 
310 |a 12x ročne  |b 2008- 
321 |a 10x ročne  |b 2007 
321 |a 9x ročne  |b 2006 
321 |a 8x ročne  |b 2005 
321 |a 6x ročne  |b 2000-2004 
362 0 |a Roč. 3, č. 1 (2000)- 
500 |a Reg. číslo: MK SR 2255/2000 
500 |a Šéfredaktor: 2000-2003, Marian Dukes ; 2004, Jozef Ďuďák ; 2005-, Márián Kukučka 
500 |a Podnázov od r ?: odborný mesačník pre poľnohospodársku, komunálnu a lesnú techniku 
500 |a Podnázov v r. 3/2000-2005: odborný dvojmesačník o technike a technológiách v poľnohospodárstve 
500 |a Podnázov v r. 1-2/2000: odborný časopis o technike a technológiách v poľnohospodárstve 
500 |a Podnázov v r. 2005-[201?]: odborný mesačník o technike a technológiach v poľnohospodárstve 
500 |a Evidenčné číslo: EV 2916/09 
500 |a Reg. číslo MK SR: EV 2916/09 
515 |a V č. 1/2019 je uvedený roč. XXI, má byť roč. XXII 
525 |a Má prílohu Agrokomplex ; terra HORSCH 
525 |a Predtým vychádzal ako príloha k časopisom Naše pole a Slovenský chov 
530 |a Online vydanie: Moderná mechanizácia v poľnohospodárstve (Online) = ISSN 1336-927X 
650 0 7 |a poľnohospodárstvo  |2 SNKPH  |9 679 
650 0 7 |a Agriculture  |2 SNKPHeng  |9 265172 
650 0 7 |a poľnohospodárska technika  |2 SNKPH  |9 681 
650 0 7 |a Agricultural technic  |2 SNKPHeng  |9 267197 
655 7 |a odborné časopisy  |2 SNKPH  |9 70505 
655 7 |a Professional journals  |2 SNKPHeng  |9 265007 
700 1 |a Dukes, Marian  |4 pbd  |9 267535 
700 1 |a Ďuďák, Jozef,  |d 1958-  |4 pbd  |9 241691 
700 1 |a Kukučka, Marián  |4 pbd  |9 267563 
770 0 |t Agro magazín  |x 1335-2261 
852 |a Štátna vedecká knižnica v Banskej Bystrici 
856 4 |a http://www.mmpress.sk/ 
916 |a 2000-2012 
999 |c 3874  |d 5804 
952 |t č. 1-6  |a SNK  |b SNK  |y PREZ  |7 0  |p 17A1432718  |o snkČSB 5806/22/2019/1  |i snk2020/20532  |8 0  |z V č. 1 je uvedený roč. XXI, má byť roč. XXII  |0 0  |1 0  |4 0  |d 2020-11-13  |l 0  |r 2026-02-21 19:24:12  |w 2026-02-21 
952 |t č. 7-12 + 1 príl.  |a SNK  |b SNK  |y PREZ  |7 0  |p 17A1432717  |o snkČSB 5806/22/2019/2  |i snk2020/20533  |8 0  |z Príl.: terra HORSCH  |0 0  |1 0  |4 0  |d 2020-11-13  |l 0  |r 2026-02-21 19:24:13  |w 2026-02-21 
952 |t č. 1-6  |a SNK  |b SNK  |y PREZ  |7 0  |p 17A1522028  |o snkČSB 5806/24/2021/1 D1  |i snk2023/17106  |8 0  |0 0  |1 0  |4 0  |d 2023-11-24  |l 0  |r 2026-02-21 19:48:13  |w 2026-02-21 
952 |t č. 7-12  |a SNK  |b SNK  |y PREZ  |7 0  |p 17A1522029  |o snkČSB 5806/24/2021/2 D1  |i snk2023/17107  |8 0  |0 0  |1 0  |4 0  |d 2023-11-24  |l 0  |r 2026-02-21 19:48:13  |w 2026-02-21 
952 |t č. 1-6  |a SNK  |b SNK  |y PREZ  |7 0  |p 17A1522030  |o snkČSB 5806/25/2022/1  |i snk2023/17108  |8 0  |0 0  |1 0  |4 0  |d 2023-11-24  |l 0  |r 2026-02-21 19:48:14  |w 2026-02-21 
952 |t č. 7-12 + príl.  |a SNK  |b SNK  |y PREZ  |7 0  |p 17A1522031  |o snkČSB 5806/25/2022/2  |i snk2023/17109  |8 0  |z Príloha v č. 11 - Predsezónny predaj  |0 0  |1 0  |4 0  |d 2023-11-24  |l 0  |r 2026-02-21 19:48:14  |w 2026-02-21 
952 |t č. 1-6  |a SNK  |b SNK  |y PREZ  |7 0  |p 17A1523861  |o snkČSB 5806/25/2022/1 D1  |i snk2024/12293  |8 0  |0 0  |1 0  |4 0  |d 2024-08-01  |l 0  |r 2026-02-21 19:48:19  |w 2026-02-21 
952 |t č. 7-12 + príl., neúplné  |a SNK  |b SNK  |y PREZ  |7 0  |p 17A1523994  |o snkČSB 5806/25/2022/2 D1  |i snk2024/12296  |8 0  |z Príloha v č. 11 - Predsezónny predaj ; ; Chýba č. 8  |0 0  |1 0  |4 0  |d 2024-08-01  |l 0  |r 2026-02-21 19:48:19  |w 2026-02-21 
952 |t č. 1-6 + príl.  |a SNK  |b SNK  |y PREZ  |7 0  |p 17A1523995  |o snkČSB 5806/26/2023/1  |i snk2024/12298  |8 0  |z Príloha v č. 5 - Terra HORSCH  |0 0  |1 0  |4 0  |d 2024-08-01  |l 0  |r 2026-02-21 19:48:20  |w 2026-02-21 
952 |t č. 7-12  |a SNK  |b SNK  |y PREZ  |7 0  |p 17A1523996  |o snkČSB 5806/26/2023/2  |i snk2024/12299  |8 0  |0 0  |1 0  |4 0  |d 2024-08-01  |l 0  |r 2026-02-21 19:48:21  |w 2026-02-21 
952 |t č. 1-6  |a SNK  |b SNK  |y PREZ  |7 0  |p 17A1435590  |o snkČSB 5806/23/2020/1  |i snk2021/10330  |8 0  |0 0  |1 0  |4 0  |d 2021-08-17  |l 0  |r 2026-02-21 19:53:05  |w 2026-02-21 
952 |t č. 7-12 + príl.  |a SNK  |b SNK  |y PREZ  |7 0  |p 17A1435591  |o snkČSB 5806/23/2020/2  |i snk2021/10332  |8 0  |z Príl.: Regeneratívne poľnohospodárstvo  |0 0  |1 0  |4 0  |d 2021-08-17  |l 0  |r 2026-02-21 19:53:05  |w 2026-02-21 
952 |t č. 1-6 + príl.  |a SNK  |b SNK  |y PREZ  |7 0  |p 17A1555936  |o snkČSB 5806/26/2023/1 D1  |i snk2025/6833  |8 0  |z Príl.: v č. 5 - Terra HORSCH  |0 0  |1 0  |4 0  |d 2025-04-23  |l 0  |r 2026-02-21 19:59:06  |w 2026-02-21 
952 |t č. 7-12  |a SNK  |b SNK  |y PREZ  |7 0  |p 17A1555937  |o snkČSB 5806/26/2023/2 D1  |i snk2025/6835  |8 0  |0 0  |1 0  |4 0  |d 2025-04-23  |l 0  |r 2026-02-21 19:59:06  |w 2026-02-21 
952 |t č. 1-6  |a SNK  |b SNK  |y PREZ  |7 0  |p 17A1435588  |o snkČSB 5806/22/2019/1 D1  |i snk2021/10265  |8 0  |0 0  |1 0  |4 0  |d 2021-08-16  |l 0  |r 2026-02-21 20:00:17  |w 2026-02-21 
952 |t č. 7-12 + príl.  |a SNK  |b SNK  |y PREZ  |7 0  |p 17A1435589  |o snkČSB 5806/22/2019/2 D1  |i snk2021/10266  |8 0  |z Príl.: Hybridné poľnohospodárstvo  |0 0  |1 0  |4 0  |d 2021-08-16  |l 0  |r 2026-02-21 20:00:17  |w 2026-02-21 
952 |t č. 7-12 + príl.  |a SNK  |b SNK  |y PREZ  |7 0  |p 17A1465105  |o snkČSB 5806/23/2020/2 D1  |i snk2023/649  |8 0  |z Príl.: Regeneratívne poľnohospodárstvo  |0 0  |1 0  |4 0  |d 2023-01-16  |l 0  |r 2026-02-21 20:02:25  |w 2026-02-21 
952 |t č. 1-6  |a SNK  |b SNK  |y PREZ  |7 0  |p 17A1465174  |o snkČSB 5806/24/2021/1  |i snk2022/19057  |8 0  |0 0  |1 0  |4 0  |d 2022-12-16  |l 0  |r 2026-02-21 20:04:01  |w 2026-02-21 
952 |t č. 7-12  |a SNK  |b SNK  |y PREZ  |7 0  |p 17A1465175  |o snkČSB 5806/24/2021/2  |i snk2022/19059  |8 0  |0 0  |1 0  |4 0  |d 2022-12-16  |l 0  |r 2026-02-21 20:04:01  |w 2026-02-21 
952 |t č. 1-6, neúplné  |a SNK  |b SNK  |y PREZ  |7 0  |p 17A1465104  |o snkČSB 5806/23/2020/1 D1  |i snk2023/647  |8 0  |z Chýba č. 5  |0 0  |1 0  |4 0  |d 2023-01-16  |l 0  |r 2026-02-21 20:10:54  |w 2026-02-21 
952 |t č. 1-12+ 6 príl.  |a SNK  |b SNK  |y PREZ  |7 0  |p 17A1099310  |o snkČSB 5806/18/2015  |i snk2016/10695  |8 0  |z Príl.: Moderná mechanizácia v č. 3 ; Agromagazín v č. 4 ; Agromagazín, terra Horsch v č. 5 ; Pottinger news, Predsezónny predaj v č. 10   |0 0  |1 0  |4 0  |d 2016-04-26  |l 0  |r 2026-02-21 20:19:13  |w 2026-02-21 
952 |t č. 1-12+ 6 príl.  |a SNK  |b SNK  |y PREZ  |7 0  |p 17A1099309  |o snkČSB 5806/18/2015 D1  |i snk2016/10696  |8 0  |z Príl.: Moderná mechanizácia v č. 3 ; Agromagazín v č. 4 ; Agromagazín, terra Horsch v č. 5 ; Pottinger news, Predsezónny predaj v č. 10   |0 0  |1 0  |4 0  |d 2016-04-26  |l 0  |r 2026-02-21 20:19:13  |w 2026-02-21 
952 |t č. 1-12+ 2 príl.  |a SNK  |b SNK  |y PREZ  |7 0  |p 17A1085553  |o snkČSB 5806/12/2009 D1  |i snk2013/20553  |8 0  |z Prílohy: Agrokomplex 2009 a Agromagazín  |0 0  |1 0  |4 0  |d 2013-09-06  |l 0  |r 2026-02-21 20:23:23  |w 2026-02-21 
952 |t č. 1-11+ príl.  |a SNK  |b SNK  |y PREZ  |7 0  |p 17A1085550  |o snkČSB 5806/11/2008  |i snk2013/20546  |8 0  |z Príloha: Agrokomplex 2008  |f 1  |0 0  |1 0  |4 0  |d 2013-09-06  |l 0  |r 2026-02-21 20:40:29  |w 2026-02-21 
952 |t č. 1-11+ príl  |a SNK  |b SNK  |y PREZ  |7 0  |p 17A1085551  |o snkČSB 5806/11/2008 D1  |i snk2013/20547  |8 0  |z Príloha: Agrokomplex 2008  |0 0  |1 0  |4 0  |d 2013-09-06  |l 0  |r 2026-02-21 20:40:29  |w 2026-02-21 
952 |t č. 1-12+ 2 príl.  |a SNK  |b SNK  |y PREZ  |7 0  |p 17A1085552  |o snkČSB 5806/12/2009  |i snk2013/20551  |8 0  |z Prílohy: Agrokomplex 2009 a Agromagazín  |f 1  |0 0  |1 0  |4 0  |d 2013-09-06  |l 0  |r 2026-02-21 21:01:55  |w 2026-02-21 
952 |t č. 1-10+ príl.  |a SNK  |b SNK  |y PREZ  |7 0  |p 17A1085548  |o snkČSB 5806/10/2007  |i snk2013/20544  |8 0  |z Príloha: Agrokomplex 2007  |f 1  |0 0  |1 0  |4 0  |d 2013-09-06  |l 0  |r 2026-02-21 21:23:32  |w 2026-02-21 
952 |t č. 1-10  |a SNK  |b SNK  |y PREZ  |7 0  |p 17A1085549  |o snkČSB 5806/10/2007 D1  |i snk2013/20545  |8 0  |0 0  |1 0  |4 0  |d 2013-09-06  |l 0  |r 2026-02-21 21:23:32  |w 2026-02-21 
952 |t č. 1-6, neúplné  |a SNK  |b SNK  |y PREZ  |7 0  |p 17A1085542  |o snkČSB 5806/7/2004  |i snk2013/20537  |8 0  |z Chýba č. 1 a 6  |f 1  |0 0  |1 0  |4 0  |d 2013-09-06  |l 0  |r 2026-02-21 21:24:15  |w 2026-02-21 
952 |t č. 1-6, neúplné  |a SNK  |b SNK  |y PREZ  |7 0  |p 17A1085543  |o snkČSB 5806/7/2004 D1  |i snk2013/20538  |8 0  |z Chýba č. 1 a 6  |0 0  |1 0  |4 0  |d 2013-09-06  |l 0  |r 2026-02-21 21:24:15  |w 2026-02-21 
952 |t č. 1-8, neúplné  |a SNK  |b SNK  |y PREZ  |7 0  |p 17A1085544  |o snkČSB 5806/8/2005  |i snk2013/20540  |8 0  |z Chýba č. 1  |f 1  |0 0  |1 0  |4 0  |d 2013-09-06  |l 0  |r 2026-02-21 21:24:15  |w 2026-02-21 
952 |t č. 1-8, neúplné  |a SNK  |b SNK  |y PREZ  |7 0  |p 17A1085545  |o snkČSB 5806/8/2005 D1  |i snk2013/20541  |8 0  |z Chýba č. 1  |0 0  |1 0  |4 0  |d 2013-09-06  |l 0  |r 2026-02-21 21:24:15  |w 2026-02-21 
952 |t č. 1-9  |a SNK  |b SNK  |y PREZ  |7 0  |p 17A1085546  |o snkČSB 5806/9/2006  |i snk2013/20542  |8 0  |f 1  |0 0  |1 0  |4 0  |d 2013-09-06  |l 0  |r 2026-02-21 21:24:15  |w 2026-02-21 
952 |t č. 1-9  |a SNK  |b SNK  |y PREZ  |7 0  |p 17A1085547  |o snkČSB 5806/9/2006 D1  |i snk2013/20543  |8 0  |0 0  |1 0  |4 0  |d 2013-09-06  |l 0  |r 2026-02-21 21:24:16  |w 2026-02-21 
952 |t č. 1-12  |a SNK  |b SNK  |y PREZ  |7 0  |p 17A1085554  |o snkČSB 5806/13/2010  |i snk2013/20554  |8 0  |f 1  |0 0  |1 0  |4 0  |d 2013-09-06  |l 0  |r 2026-02-21 21:24:16  |w 2026-02-21 
952 |t č. 1-12  |a SNK  |b SNK  |y PREZ  |7 0  |p 17A1085555  |o snkČSB 5806/13/2010 D1  |i snk2013/20556  |8 0  |0 0  |1 0  |4 0  |d 2013-09-06  |l 0  |r 2026-02-21 21:24:16  |w 2026-02-21 
952 |t č. 1-12  |a SNK  |b SNK  |y PREZ  |7 0  |p 17A1085556  |o snkČSB 5806/14/2011  |i snk2013/20557  |8 0  |f 1  |0 0  |1 0  |4 0  |d 2013-09-06  |l 0  |r 2026-02-21 21:24:16  |w 2026-02-21 
952 |t č. 1-12  |a SNK  |b SNK  |y PREZ  |7 0  |p 17A1085557  |o snkČSB 5806/14/2011 D1  |i snk2013/20558  |8 0  |0 0  |1 0  |4 0  |d 2013-09-06  |l 0  |r 2026-02-21 21:24:16  |w 2026-02-21 
952 |t č. 1-12  |a SNK  |b SNK  |y PREZ  |7 0  |p 17A1085558  |o snkČSB 5806/15/2012  |i snk2013/20559  |8 0  |f 1  |0 0  |1 0  |4 0  |d 2013-09-06  |l 0  |r 2026-02-21 21:24:16  |w 2026-02-21 
952 |t č. 1-12  |a SNK  |b SNK  |y PREZ  |7 0  |p 17A1085559  |o snkČSB 5806/15/2012 D1  |i snk2013/20560  |8 0  |0 0  |1 0  |4 0  |d 2013-09-06  |l 0  |r 2026-02-21 21:24:16  |w 2026-02-21 
952 |t č. 1-5 + príl.  |a SNK  |b SNK  |y PREZ  |7 0  |p 17A1085534  |o snkČSB 5806/3/2000  |i snk2013/20480  |8 0  |z Príloha: Agrokomplex 2000  |f 1  |0 0  |1 0  |4 0  |d 2013-09-05  |l 0  |r 2026-02-21 21:24:21  |w 2026-02-21 
952 |t č. 1-5 + príl.  |a SNK  |b SNK  |y PREZ  |7 0  |p 17A1085535  |o snkČSB 5806/3/2000 D1  |i snk2013/20481  |8 0  |z Príloha: Agrokpmplex 2000  |0 0  |1 0  |4 0  |d 2013-09-05  |l 0  |r 2026-02-21 21:24:21  |w 2026-02-21 
952 |t č. 1-6  |a SNK  |b SNK  |y PREZ  |7 0  |p 17A1085536  |o snkČSB 5806/4/2001  |i snk2013/20482  |8 0  |f 1  |0 0  |1 0  |4 0  |d 2013-09-05  |l 0  |r 2026-02-21 21:24:21  |w 2026-02-21 
952 |t č. 1-6, neúplné  |a SNK  |b SNK  |y NEVYP  |7 3  |p 17A1085537  |o snkČSB 5806/4/2001 D1  |i snk2013/20491  |8 0  |z Chýba č. 1, 2  |0 0  |1 0  |4 0  |d 2013-09-05  |l 0  |r 2026-02-21 21:24:21  |w 2026-02-21 
952 |t č. 1-6  |a SNK  |b SNK  |y PREZ  |7 0  |p 17A1085538  |o snkČSB 5806/5/2002  |i snk2013/20492  |8 0  |f 1  |0 0  |1 0  |4 0  |d 2013-09-05  |l 0  |r 2026-02-21 21:24:21  |w 2026-02-21 
952 |t č. 1-6  |a SNK  |b SNK  |y PREZ  |7 0  |p 17A1085539  |o snkČSB 5806/5/2002 D1  |i snk2013/20494  |8 0  |0 0  |1 0  |4 0  |d 2013-09-05  |l 0  |r 2026-02-21 21:24:21  |w 2026-02-21 
952 |t č. 1-6  |a SNK  |b SNK  |y PREZ  |7 0  |p 17A1085540  |o snkČSB 5806/6/2003  |i snk2013/20497  |8 0  |f 1  |0 0  |1 0  |4 0  |d 2013-09-05  |l 0  |r 2026-02-21 21:24:21  |w 2026-02-21 
952 |t č. 1-6  |a SNK  |b SNK  |y PREZ  |7 0  |p 17A1085541  |o snkČSB 5806/6/2003 D1  |i snk2013/20498  |8 0  |0 0  |1 0  |4 0  |d 2013-09-05  |l 0  |r 2026-02-21 21:24:21  |w 2026-02-21 
952 |t č. 1-12, neúplné  |a SNK  |b SNK  |y PREZ  |7 0  |p 17A1144306  |o snkČSB 5806/16/2013  |i snk2015/18398  |8 0  |z Chýba č. 11  |f 1  |0 0  |1 0  |4 0  |d 2015-06-12  |l 0  |r 2026-02-21 21:45:51  |w 2026-02-21 
952 |t č. 1-12, neúplné  |a SNK  |b SNK  |y PREZ  |7 0  |p 17A1144305  |o snkČSB 5806/16/2013 D1  |i snk2015/18401  |8 0  |z Chýba č. 11  |0 0  |1 0  |4 0  |d 2015-06-12  |l 0  |r 2026-02-21 21:45:51  |w 2026-02-21 
952 |t č. 1-12  |a SNK  |b SNK  |y PREZ  |7 0  |p 17A1144304  |o snkČSB 5806/17/2014  |i snk2015/18410  |8 0  |f 1  |0 0  |1 0  |4 0  |d 2015-06-12  |l 0  |r 2026-02-21 21:45:51  |w 2026-02-21 
952 |t č. 1-12  |a SNK  |b SNK  |y PREZ  |7 0  |p 17A1144303  |o snkČSB 5806/17/2014 D1  |i snk2015/18414  |8 0  |0 0  |1 0  |4 0  |d 2015-06-12  |l 0  |r 2026-02-21 21:45:52  |w 2026-02-21 
952 |t č. 1-12 + príl.  |a SNK  |b SNK  |y PREZ  |7 0  |p 17A1344123  |o snkČSB 5806/19/2016  |i snk2019/7093  |8 0  |z Príl.: Predsezónný predaj   |0 0  |1 0  |4 0  |d 2019-03-15  |l 0  |r 2026-02-21 21:51:20  |w 2026-02-21 
952 |t č. 1-12 + príl.  |a SNK  |b SNK  |y PREZ  |7 0  |p 17A1344122  |o snkČSB 5806/19/2016 D1  |i snk2019/7095  |8 0  |z Príl.: Predsezónný predaj   |0 0  |1 0  |4 0  |d 2019-03-15  |l 0  |r 2026-02-21 21:51:20  |w 2026-02-21 
952 |t č. 1-12 + 2 príl.  |a SNK  |b SNK  |y PREZ  |7 0  |p 17A1344121  |o snkČSB 5806/20/2017  |i snk2019/7105  |8 0  |z Príl.: Predsezónný predaj ; Zapriahni  |0 0  |1 0  |4 0  |d 2019-03-15  |l 0  |r 2026-02-21 21:51:20  |w 2026-02-21 
952 |t č. 1-12 + 2 príl.  |a SNK  |b SNK  |y PREZ  |7 0  |p 17A1344120  |o snkČSB 5806/20/2017 D1  |i snk2019/7111  |8 0  |z Príl.: Predsezónný predaj ; Zapriahni  |0 0  |1 0  |4 0  |d 2019-03-15  |l 0  |r 2026-02-21 21:51:20  |w 2026-02-21 
952 |t č. 1-12 + 2 príl.  |a SNK  |b SNK  |y PREZ  |7 0  |p 17A1344119  |o snkČSB 5806/21/2018  |i snk2019/7116  |8 0  |z Príl.: Predsezónný predaj ; Zapriahni  |0 0  |1 0  |4 0  |d 2019-03-15  |l 0  |r 2026-02-21 21:51:20  |w 2026-02-21 
952 |t č. 1-12 + 2 príl.  |a SNK  |b SNK  |y PREZ  |7 0  |p 17A1344118  |o snkČSB 5806/21/2018 D1  |i snk2019/7133  |8 0  |z Príl.: Predsezónný predaj ; Zapriahni  |0 0  |1 0  |4 0  |d 2019-03-15  |l 0  |r 2026-02-21 21:51:29  |w 2026-02-21 
952 |t 1  |a SNK  |b SNK  |y NEVYP  |7 1  |p 17A1560386  |o snkČSB 5806/27/2024/1  |i snk2026/6913  |h č. 1-6   |8 0  |0 0  |1 0  |2 udc  |4 0  |d 2024-08-01  |l 0  |r 2026-05-11 13:07:28  |w 2026-02-21 
952 |t 1  |a SNK  |b SNK  |y NEVYP  |7 1  |p 17A1560387  |o snkČSB 5806/27/2024/2  |i snk2026/6915  |h č. 7-12 + príl.  |8 0  |z Samostatné prílohy: č. 10/2024-Predsezónny predaj 2025; č. 28/2024- 40 rokov terra HORSCH  |0 0  |1 0  |2 udc  |4 0  |d 2024-08-01  |l 0  |r 2026-05-11 13:09:00  |w 2026-02-21 
952 |t 1  |a SNK  |b SNK  |y NEVYP  |7 1  |p 17A1560388  |o snkČSB 5806/28/2025/1  |i snk2026/6916  |h č. 1-6   |8 0  |0 0  |1 0  |2 udc  |4 0  |d 2024-08-01  |l 0  |r 2026-05-11 13:11:44  |w 2026-02-21 
952 |t 1  |a SNK  |b SNK  |y NEVYP  |7 1  |p 17A1560389  |o snkČSB 5806/28/2025/2  |i snk2026/6918  |h č. 7-12 + príl.  |8 0  |z Samostatné prílohy: č. 10/2025-Predsezónny predaj 2026; č. 30/2025-Flexibilné riešenie  |0 0  |1 0  |2 udc  |4 0  |d 2024-08-01  |l 0  |r 2026-05-11 13:19:00  |w 2026-02-21